LEADER 01443nas 2200421 a 450 001 996218052003316 005 20231101154115.0 011 $a1872-7638 035 $a(CKB)954925484684 035 $a(CONSER)sc 85004133 035 $a(DE-599)ZDB2013739-4 035 $a(EXLCZ)99954925484684 100 $a19840521a19849999 uy a 101 0 $aeng 135 $aurunu||||| 200 10$aTheoretical and applied fracture mechanics$b[e-journal] 210 $aAmsterdam, The Netherlands $cElsevier Science Publishers B.V. (North-Holland)$dc1984- 215 $a1 online resource 300 $a"Mechanics and physics of fracture" 300 $aRefereed/Peer-reviewed 311 $aPrint version: Theoretical and applied fracture mechanics (Print) (DLC)sc#85004133# (OCoLC)10758739 0167-8442 531 $aTHEOR APPL FRACT MECH 531 $aTHEOR APPL FRACT MEC 531 $aTHEOR A FR 531 $aTHEORETICAL & APPLIED FRACTURE MECHANICS 531 0 $aTheor. appl. fract. mech. 531 $aTHEOR. APPL. FRACT. MECH 606 $aFracture mechanics$vPeriodicals 606 $aFracture mechanics$2fast$3(OCoLC)fst00933536 608 $aPeriodicals.$2fast 615 0$aFracture mechanics 615 7$aFracture mechanics. 676 $a620.11205 906 $aJOURNAL 912 $a996218052003316 920 $aexl_impl conversion 996 $aTheoretical and applied fracture mechanics$9787375 997 $aUNISA LEADER 01140nam0-22003251i-450 001 990008094410403321 005 20240201133107.0 035 $a000809441 035 $aFED01000809441 035 $a(Aleph)000809441FED01 035 $a000809441 100 $a20050420f19..----km-y0itay50------ba 101 0 $aita 102 $aIT 105 $aaef-----001yy 200 1 $aRoma al tempo di Clemente VIII$epianta di Roma di Antonio Tempesta del 1593 riprodotta da una copia vaticana del 1606$fcon introduzione di Francesco Ehrle 210 $aCittą del Vaticano$cBiblioteca Apostolica Vaticana$d[19..] 215 $a12 p., 12 c. di tav.$cill.$d35 cm 225 1 $a<>piante maggiori di Roma dei sec. 16. e 17., riprodotte in fototipia a cura della Biblioteca Vaticana$v3 610 0 $aRoma$aCartografia 610 0 $aRoma$aPiante$a1593 700 1$aTempesta,$bAntonio$f<1555-1630>$0294662 702 1$aEhrle,$bFranz 801 0$aIT$bUNINA$gRICA$2UNIMARC 901 $aBK 912 $a990008094410403321 952 $aG.F 181$b2943$fDARST 959 $aDARST 996 $aRoma al tempo di Clemente VIII$93871547 997 $aUNINA